000 00696cam a2200253 4500500
005 20260329005018.0
041 _afre
042 _adc
100 1 0 _aNathan, Tobie
_eauthor
245 0 0 _aBlob. Les avatars de l’identité
260 _c2022.
500 _a54
690 _aAnimal
690 _aChampignon
690 _aIdentité
690 _aMicro-organisme
690 _aOrganisme
690 _aPlante
690 _aTobie Nathan
690 _aVégétal
690 _aVivant
786 0 _nPhilosophie magazine | 157 | 3 | 2022-03-01 | p. 14-14 | 1951-1787
856 4 1 _uhttps://shs.cairn.info/magazine-philosophie-magazine-2022-3-page-14?lang=fr&redirect-ssocas=7080
999 _c1839453
_d1839453